[Event "Schachfestival 2020-Open"]
[Site "Bad Woerishofen"]
[Date "2020.03.20"]
[Round "1.1"]
[White "Hornung, Hans"]
[Black "Vorobiov, Evgeny"]
[Result "0-1"]
[WhiteElo "2053"]
[BlackElo "2534"]
[Annotator "chessorg"]
[PlyCount "76"]
[EventDate "2020.??.??"]
[WhiteTeam "SK Klosterlechfeld"]

1. c4 g6 2. Nc3 c5 3. e3 Bg7 4. d4 Nf6 5. d5 O-O 6. Nf3 e6 7. Be2 exd5 8. cxd5
d6 9. O-O Bg4 10. h3 Bxf3 11. Bxf3 Na6 12. a3 Re8 13. Rb1 Nd7 14. Be2 Nc7 15.
Bd2 Nb6 16. Bf3 Rc8 17. a4 Nc4 18. Be1 a6 19. Be2 Ne5 20. a5 Nd7 21. b4 cxb4
22. Rxb4 Nc5 23. Na4 Rb8 24. Nb6 Na8 25. Nc4 Nc7 26. Rb6 Nb5 27. Bb4 Rc8 28.
Bd3 Qc7 29. Be2 Ne4 30. Qd3 Bc3 31. Rb1 Qe7 32. Bf3 Bxb4 33. Rxb4 Nc5 34. Qd1
Red8 35. g3 Rc7 36. Kg2 Nd7 37. Qb3 Nxb6 38. axb6 Rc5 0-1

[Event "Schachfestival 2020-Open"]
[Site "my_town"]
[Date "2020.03.06"]
[Round "1.2"]
[White "Burmakin, Vladimir"]
[Black "Hund, Sarah"]
[Result "1-0"]
[WhiteElo "2514"]
[BlackElo "2032"]
[Annotator "chessorg"]
[PlyCount "97"]
[EventDate "2020.??.??"]
[BlackTeam "SK Freiburg-Zaehringen 1887 e.V."]

1. Nf3 Nf6 2. c4 e6 3. g3 a6 4. Nc3 d5 5. cxd5 exd5 6. d4 Be7 7. Bg2 O-O 8. O-O
Re8 9. Bf4 Nbd7 10. Rc1 c6 11. Re1 Nf8 12. Qb3 Ng6 13. Bd2 Bf5 14. Qxb7 Qd6 15.
Nd1 Rec8 16. Qb3 Ne4 17. Ne3 Be6 18. Ba5 Rab8 19. Qc2 c5 20. Bc3 Qd7 21. Red1
Bf6 22. dxc5 Bxc3 23. bxc3 Rxc5 24. c4 Rbc8 25. Nd4 Nd6 26. Nb3 R5c7 27. c5 Nb7
28. Nxd5 Bxd5 29. Rxd5 Qb5 30. c6 Qxc6 31. Rd8+ Nxd8 32. Bxc6 Rxc6 33. Qd1 Rxc1
34. Nxc1 Ne6 35. Nb3 Ne7 36. Qd6 Nc6 37. Qd7 Rc7 38. Qe8+ Nf8 39. Qa8 Nb4 40.
a3 Rc3 41. Nd4 Rxa3 42. Nf5 g6 43. Nh6+ Kg7 44. Nxf7 a5 45. Qb7 Kf6 46. Nd6 Ke6
47. Nc4 Ra1+ 48. Kg2 Nd5 49. Qc6+ 1-0

[Event "Schachfestival 2020-Open"]
[Site "Bad Woerishofen"]
[Date "2020.03.20"]
[Round "1.3"]
[White "Pribylova, Sofie"]
[Black "Santiago, Yago"]
[Result "0-1"]
[WhiteElo "2050"]
[BlackElo "2493"]
[Annotator "chessorg"]
[PlyCount "92"]
[EventDate "2020.??.??"]

1. e4 e6 2. d4 d5 3. Nd2 Nc6 4. Ngf3 Nf6 5. e5 Nd7 6. Be2 f6 7. exf6 Qxf6 8.
Nf1 Bd6 9. Bg5 Qf7 10. Ne3 O-O 11. O-O e5 12. dxe5 Ndxe5 13. Nxe5 Nxe5 14. Nxd5
Be6 15. Ne3 Qg6 16. Bh4 Qe4 17. Bg3 Rad8 18. Qb1 Qc6 19. c3 Bf7 20. Qc2 Bg6 21.
Qb3+ Kh8 22. Qb5 Qe4 23. Qd5 Nd3 24. Bxd6 Qxd5 25. Nxd5 Rxd6 26. Nxc7 Nxb2 27.
a4 Rd2 28. Bf3 Rf7 29. Ne6 Re7 30. Nf4 Bf7 31. a5 g5 32. Nh5 Bxh5 33. Bxh5 Rc7
34. Rae1 Kg7 35. f4 Nd3 36. f5 Nxe1 37. f6+ Kh6 38. f7 Rxf7 39. Bxf7 Nxg2 40.
Rb1 Nh4 41. Rxb7 Nf3+ 42. Kf1 Nxh2+ 43. Ke1 Nf3+ 44. Kf1 g4 45. Be6 g3 46. Bh3
Rf2# 0-1

[Event "Schachfestival 2020-Open"]
[Site "Bad Woerishofen"]
[Date "2020.03.20"]
[Round "1.4"]
[White "Akash G"]
[Black "Dobierzin, Olaf"]
[Result "1-0"]
[WhiteElo "2487"]
[BlackElo "2044"]
[Annotator "chessorg"]
[PlyCount "89"]
[EventDate "2020.??.??"]
[BlackTeam "DBSB/SG Leipzig"]

1. e4 c5 2. Nf3 d6 3. d4 cxd4 4. Nxd4 Nf6 5. Nc3 Nc6 6. Bc4 Qb6 7. Nb3 a6 8.
O-O e6 9. a4 Qc7 10. Kh1 b6 11. f4 Be7 12. Be2 Bb7 13. Be3 O-O 14. Bf3 Na5 15.
Nd4 Nc4 16. Bc1 Rac8 17. Re1 Rfd8 18. Qe2 Qb8 19. b3 Na5 20. Bb2 Qa8 21. Rad1
Nc6 22. Qf2 Nd7 23. Nxc6 Bxc6 24. Nd5 Bf8 25. Nxb6 Nxb6 26. Qxb6 d5 27. exd5
Bxd5 28. Bxd5 Rxd5 29. Qf2 Qc6 30. Rxd5 Qxd5 31. h3 Qf5 32. Re2 Qd5 33. Rd2 Qe4
34. Kh2 Qc6 35. Qg3 Qe4 36. Be5 h6 37. c4 Kh7 38. Rd7 Qg6 39. Qxg6+ Kxg6 40.
Kg3 f6 41. Bc7 Bc5 42. a5 Bb4 43. Kf3 Kh7 44. Ke4 Kg8 45. Kd4 1-0

[Event "Schachfestival 2020-Open"]
[Site "Bad Woerishofen"]
[Date "2020.03.20"]
[Round "1.6"]
[White "Pap, Misa"]
[Black "Oparaugo, Thomas"]
[Result "1-0"]
[WhiteElo "2437"]
[BlackElo "2039"]
[Annotator "chessorg"]
[PlyCount "81"]
[EventDate "2020.??.??"]
[WhiteTeam "SC Hansa Dortmund e.V."]
[BlackTeam "SV Oberursel"]

1. e4 Nc6 2. d4 e5 3. dxe5 Nxe5 4. Nf3 Nxf3+ 5. Qxf3 Qf6 6. Qg3 Qg6 7. Nc3 Bb4
8. Bd2 Qxg3 9. hxg3 Nf6 10. f3 d6 11. g4 Be6 12. a3 Ba5 13. O-O-O O-O-O 14. g5
Nd7 15. Be2 Kb8 16. Rh4 f6 17. Rdh1 Bg8 18. Rh5 Bb6 19. Nd5 Bxd5 20. exd5 Nf8
21. gxf6 g6 22. R5h4 Bf2 23. Re4 Nd7 24. Bc3 Bg3 25. Bb5 Be5 26. Bxd7 Bxc3 27.
bxc3 Rxd7 28. g4 g5 29. Rhe1 c6 30. dxc6 bxc6 31. Re8+ Rxe8 32. Rxe8+ Kc7 33.
Rg8 Kb6 34. Rg7 Rd8 35. Rxh7 Rf8 36. f7 Kc7 37. f4 gxf4 38. g5 Kd7 39. g6 f3
40. g7 f2 41. gxf8=N+ 1-0

[Event "Schachfestival 2020-Open"]
[Site "my_town"]
[Date "2020.03.06"]
[Round "1.8"]
[White "Assaubayeva, Bibisara"]
[Black "Jungbluth, Michael"]
[Result "1-0"]
[WhiteElo "2370"]
[BlackElo "2036"]
[Annotator "chessorg"]
[PlyCount "69"]
[EventDate "2020.??.??"]
[BlackTeam "SV Unser Fritz Wanne-Eickel 1955 e.V."]

1. e4 d6 2. d4 Nf6 3. Bd3 e5 4. Nf3 Nbd7 5. Be3 Be7 6. O-O O-O 7. Re1 c5 8.
dxe5 Nxe5 9. Nxe5 dxe5 10. c4 b6 11. Nc3 Bb7 12. Nd5 Nxd5 13. exd5 Bd6 14. Qc2
g6 15. Bh6 Re8 16. g3 f5 17. Qc3 Qf6 18. f4 Kf7 19. Bc2 exf4 20. Qxf6+ Kxf6 21.
Ba4 Re4 22. gxf4 Bc8 23. Kg2 a6 24. Bc6 Ra7 25. Kf3 Rxc4 26. Re8 Rc7 27. Rd8
Be7 28. Bg5+ Kf7 29. Rh8 Kg7 30. Rxc8 Rxc8 31. Bxe7 Re4 32. Bh4 h6 33. Rd1 g5
34. Bg3 Kf6 35. d6 1-0

[Event "Schachfestival 2020-Open"]
[Site "my_town"]
[Date "2020.03.06"]
[Round "1.12"]
[White "Heinbuch, Detlef Ulrich"]
[Black "Weichelt, Jens"]
[Result "0-1"]
[WhiteElo "2283"]
[BlackElo "2018"]
[Annotator "chessorg"]
[PlyCount "52"]
[EventDate "2020.??.??"]
[WhiteTeam "SV Bochum 02"]
[BlackTeam "SK Rochade Augsburg"]

1. c4 Nf6 2. g3 e6 3. Nf3 d5 4. b3 Be7 5. Bg2 O-O 6. O-O Ne4 7. a3 b6 8. d3 Bf6
9. Ra2 Nd6 10. Bb2 Nd7 11. Bxf6 Nxf6 12. Qc1 c5 13. cxd5 exd5 14. b4 Nb7 15.
Rb2 Be6 16. bxc5 Nxc5 17. Nd4 Rc8 18. Qd2 Qd7 19. Re1 Bh3 20. Bh1 Rfe8 21. Nc3
Ne6 22. Ncb5 Nxd4 23. Nxd4 Rc5 24. Ra1 Rec8 25. a4 Qxa4 26. Nb3 Qxa1+ 0-1

[Event "Schachfestival 2020-Open"]
[Site "my_town"]
[Date "2020.03.06"]
[Round "1.15"]
[White "Doell, Detlef"]
[Black "Vetokhin, Savva"]
[Result "0-1"]
[WhiteElo "2012"]
[BlackElo "2273"]
[Annotator "chessorg"]
[PlyCount "80"]
[EventDate "2020.??.??"]
[WhiteTeam "SK Zehlendorf e.V."]
[BlackTeam "Botvinnik chess club"]

1. e4 e6 2. d3 d5 3. Nd2 Nf6 4. g3 dxe4 5. dxe4 Bc5 6. Bg2 e5 7. Ngf3 Nc6 8.
O-O O-O 9. c3 a5 10. a4 b6 11. h3 Ba6 12. Re1 Qe7 13. Bf1 Bb7 14. Nc4 Rad8 15.
Qc2 Rd7 16. Bg5 h6 17. Be3 Rfd8 18. Bxc5 Qxc5 19. Nfd2 h5 20. Rad1 Qe7 21. Ne3
Na7 22. Bc4 g6 23. f3 Ne8 24. Ndf1 Nd6 25. Nd5 Qe6 26. Bb3 Bxd5 27. Rxd5 Qf6
28. Qf2 Nc6 29. Rd2 Kg7 30. Ne3 h4 31. g4 Nxe4 32. fxe4 Rxd2 33. Qxf6+ Kxf6 34.
Rf1+ Kg5 35. Bd5 Ne7 36. Rxf7 Nxd5 37. Nxd5 c6 38. Nc7 R8d6 39. Ne8 Rd7 40. Rf8
Rxb2 0-1

[Event "Schachfestival 2020-Open"]
[Site "my_town"]
[Date "2020.03.06"]
[Round "1.19"]
[White "Kroencke, Manfred"]
[Black "Parligras, Cosmin"]
[Result "0-1"]
[WhiteElo "1997"]
[BlackElo "2252"]
[Annotator "chessorg"]
[PlyCount "76"]
[EventDate "2020.??.??"]
[WhiteTeam "SG Glueckstadt von 1920"]
[BlackTeam "Victoria Techirghiol"]

1. e4 c5 2. Nf3 a6 3. g3 Nc6 4. Bg2 Nf6 5. d3 d5 6. e5 Nd7 7. Bf4 e6 8. O-O Be7
9. h4 h6 10. h5 Bg5 11. Nbd2 Bxf4 12. gxf4 f5 13. c3 Nf8 14. Nb3 Qe7 15. Re1
Rg8 16. Kf1 g6 17. hxg6 Nxg6 18. Qd2 b6 19. Bh1 Bb7 20. Ke2 O-O-O 21. Rg1 d4
22. cxd4 Nxd4+ 23. Nfxd4 cxd4 24. Rac1+ Kb8 25. Bxb7 Qxb7 26. Rh1 Rh8 27. Rh2
h5 28. Rc4 Rc8 29. Rxd4 Rhd8 30. Rxd8 Rxd8 31. Rxh5 Qg2 32. Rg5 Qh2 33. Qe3
Nxf4+ 34. Kf1 Nd5 35. Qg3 Qh1+ 36. Ke2 Qb1 37. Rg8 Nf4+ 38. Qxf4 Qxd3+ 0-1

[Event "Schachfestival 2020-Open"]
[Site "my_town"]
[Date "2020.03.06"]
[Round "1.37"]
[White "Kuipers, Dustin"]
[Black "Margraf, Christoph"]
[Result "1-0"]
[WhiteElo "2155"]
[BlackElo "1945"]
[Annotator "chessorg"]
[PlyCount "65"]
[EventDate "2020.??.??"]
[WhiteTeam "SV Muelheim-Nord 1931 e.V"]
[BlackTeam "SC Ansbach 1855"]

1. Nf3 Nc6 2. d4 d5 3. g3 Bg4 4. Bg2 e6 5. c4 Nf6 6. Ne5 Bb4+ 7. Nc3 O-O 8. O-O
Bxc3 9. bxc3 Nxe5 10. dxe5 Nd7 11. cxd5 Nxe5 12. Qd4 Bxe2 13. Qxe5 Bxf1 14.
Kxf1 exd5 15. Bg5 Qe8 16. Qxd5 c6 17. Qb3 b5 18. Rd1 Qc8 19. Be3 Re8 20. Kg1
Qe6 21. Qxe6 Rxe6 22. Rd7 a5 23. Rc7 h6 24. Bxc6 Rd8 25. Bxb5 Rd1+ 26. Kg2 Red6
27. a4 h5 28. h4 f6 29. Ra7 Kh7 30. Rxa5 g5 31. Ra7+ Kg6 32. hxg5 fxg5 33. Be8+
1-0

[Event "Schachfestival 2020-Open"]
[Site "my_town"]
[Date "2020.03.06"]
[Round "1.40"]
[White "Herold, Gunter"]
[Black "Naundorf, Maik"]
[Result "0-1"]
[WhiteElo "1932"]
[BlackElo "2140"]
[Annotator "chessorg"]
[PlyCount "40"]
[EventDate "2020.??.??"]
[BlackTeam "SC Koenigsspringer Hagen/Wetter"]

1. e4 c5 2. Nc3 e6 3. f4 a6 4. Nf3 Nc6 5. d3 d5 6. Be2 d4 7. Nb1 Nf6 8. O-O Be7
9. Nbd2 b5 10. c4 Ng4 11. Qb3 Na5 12. Qa3 Ne3 13. Nb3 Nb7 14. cxb5 c4 15. Qa4
Bd7 16. Nbxd4 Nc5 17. Qb4 Nxd3 18. Qd2 Nxf1 19. Bxf1 Nxc1 20. Rxc1 axb5 0-1

[Event "Schachfestival 2020-Open"]
[Site "my_town"]
[Date "2020.03.06"]
[Round "1.44"]
[White "Carrasco, Paul"]
[Black "Schroeder, Volker"]
[Result "0-1"]
[WhiteElo "1917"]
[BlackElo "2103"]
[Annotator "chessorg"]
[PlyCount "45"]
[EventDate "2020.??.??"]
[BlackTeam "SK Weinheim 1911 e.V."]

1. Nf3 d5 2. d4 Nf6 3. c4 c6 4. Nc3 dxc4 5. a4 Bf5 6. e3 e6 7. Bxc4 Bb4 8. O-O
O-O 9. Nh4 Bg4 10. f3 Bh5 11. g4 Nd5 12. Qe1 Be7 13. Ng2 Bg6 14. Qf2 Nd7 15. e4
N5b6 16. Bb3 c5 17. Be3 Rc8 18. a5 cxd4 19. Bxd4 Nc5 20. Rad1 Nbd7 21. Bc4 Qxa5
22. Ra1 Qb4 23. Ra4 0-1

[Event "Schachfestival 2020-Open"]
[Site "my_town"]
[Date "2020.03.06"]
[Round "1.53"]
[White "Kluegel, Jan"]
[Black "Kraemer, Max"]
[Result "0-1"]
[WhiteElo "1846"]
[BlackElo "2065"]
[Annotator "chessorg"]
[PlyCount "44"]
[EventDate "2020.??.??"]
[BlackTeam "SK Caissa Augsburg"]

1. d4 d5 2. Bf4 Nf6 3. e3 Bf5 4. c4 c6 5. Nc3 e6 6. Qb3 Qb6 7. c5 Qxb3 8. axb3
Nbd7 9. b4 Nh5 10. b5 Nxf4 11. exf4 Be7 12. Nf3 O-O 13. Kd2 cxb5 14. Bxb5 Nf6
15. Ne5 Ne4+ 16. Ke3 f6 17. Nf3 g5 18. Nxe4 dxe4 19. Nd2 e5 20. fxe5 fxe5 21.
b4 exd4+ 22. Kxd4 Bf6+ 0-1

[Event "Schachfestival 2020-Open"]
[Site "Bad Woerishofen"]
[Date "2020.03.07"]
[Round "2.4"]
[White "Dewenter, Ulf"]
[Black "Akash G"]
[Result "1/2-1/2"]
[WhiteElo "2164"]
[BlackElo "2487"]
[Annotator "chessorg"]
[PlyCount "79"]
[EventDate "2020.??.??"]
[WhiteTeam "SC Wei�e Dame Borbeck 25 e.V."]

1. e4 c5 2. Be2 Nc6 3. f4 g6 4. Nf3 Bg7 5. O-O d6 6. d3 e5 7. c3 Nge7 8. Qe1 h6
9. fxe5 dxe5 10. a3 Be6 11. Be3 b6 12. b4 cxb4 13. axb4 f5 14. Kh1 O-O 15. b5
Na5 16. Nfd2 Qd7 17. c4 f4 18. Bg1 g5 19. Nc3 g4 20. c5 Rab8 21. c6 Naxc6 22.
bxc6 Nxc6 23. Qh4 Rf7 24. Nd5 Rbf8 25. Rac1 Kh7 26. Bxg4 Bxg4 27. Rxc6 Qxc6 28.
Qxg4 Qc2 29. Nf3 Qxd3 30. Re1 Re8 31. Qh5 Kg8 32. Qg6 Qb5 33. Nh4 Ref8 34. Nf5
Kh8 35. Nxh6 Rf6 36. Nxf6 Rxf6 37. Nf7+ Kg8 38. Nh6+ Kh8 39. Nf7+ Kg8 40. Nh6+
1/2-1/2

[Event "Schachfestival 2020-Open"]
[Site "Bad Woerishofen"]
[Date "2020.03.07"]
[Round "2.7"]
[White "Gutman, Lev"]
[Black "Kuipers, Dustin"]
[Result "1-0"]
[WhiteElo "2406"]
[BlackElo "2155"]
[Annotator "chessorg"]
[PlyCount "43"]
[EventDate "2020.??.??"]
[WhiteTeam "SV Lingen"]
[BlackTeam "SV Muelheim-Nord 1931 e.V"]

1. Nf3 d5 2. g3 c5 3. Bg2 Nf6 4. O-O Nc6 5. d4 cxd4 6. Nxd4 e5 7. Nxc6 bxc6 8.
c4 Be6 9. Nc3 Rc8 10. cxd5 cxd5 11. Bg5 d4 12. Ne4 Be7 13. Nxf6+ gxf6 14. Bh6
Qb6 15. Rc1 Rxc1 16. Qxc1 Kd7 17. Qc2 Qa6 18. f4 Rc8 19. Qe4 Rc5 20. fxe5 fxe5
21. b4 Bd5 22. Bh3+ 1-0

[Event "Schachfestival 2020-Open"]
[Site "Bad Woerishofen"]
[Date "2020.03.07"]
[Round "2.13"]
[White "Vetokhin, Savva"]
[Black "Helmond, Frans"]
[Result "1-0"]
[WhiteElo "2273"]
[BlackElo "2114"]
[Annotator "chessorg"]
[PlyCount "67"]
[EventDate "2020.??.??"]
[WhiteTeam "Botvinnik chess club"]
[BlackTeam "De Juiste Z"]

1. e4 c5 2. Nf3 d6 3. d4 cxd4 4. Nxd4 Nf6 5. Nc3 a6 6. Be3 e5 7. Nb3 Be7 8. f3
Be6 9. Qd2 O-O 10. O-O-O a5 11. a4 Na6 12. g4 Nb4 13. g5 Nh5 14. h4 Ng3 15. Rg1
Nxf1 16. Rgxf1 Rc8 17. Kb1 d5 18. exd5 Bf5 19. Na1 Qd7 20. d6 Bd8 21. f4 exf4
22. Rxf4 Rc6 23. Qf2 g6 24. Bc5 b6 25. Bxb4 axb4 26. Rxb4 Rxd6 27. Rbd4 Rxd4
28. Rxd4 Qe6 29. Nd5 Re8 30. Nb3 h6 31. gxh6 Qe1+ 32. Qxe1 Rxe1+ 33. Nc1 Bxh4
34. Rxh4 1-0

[Event "Schachfestival 2020-Open"]
[Site "Bad Woerishofen"]
[Date "2020.03.07"]
[Round "2.15"]
[White "Kraemer, Max"]
[Black "Dorst, Johannes"]
[Result "0-1"]
[WhiteElo "2065"]
[BlackElo "2253"]
[Annotator "chessorg"]
[PlyCount "86"]
[EventDate "2020.??.??"]
[WhiteTeam "SK Caissa Augsburg"]
[BlackTeam "SK Marburg 1931/72"]

1. e4 c5 2. Nf3 Nc6 3. Bb5 g6 4. O-O Bg7 5. Re1 Nf6 6. c3 O-O 7. d4 d5 8. e5
Ne4 9. Nbd2 cxd4 10. cxd4 Qb6 11. Nxe4 dxe4 12. Bxc6 Qxc6 13. d5 Qc4 14. b3 Qc3
15. Bd2 Qd3 16. Ng5 Bxe5 17. Rc1 f5 18. Bb4 Qxd1 19. Rcxd1 Bf6 20. Ne6 Bxe6 21.
dxe6 Rfd8 22. Kf1 Kf8 23. Rd7 Rxd7 24. exd7 Rd8 25. Rd1 Kf7 26. h3 Ke6 27. Ke2
Rxd7 28. Rxd7 Kxd7 29. Ke3 Ke6 30. Be1 Kd5 31. Bb4 Bd4+ 32. Ke2 e5 33. Bd2 f4
34. Bb4 Bc5 35. Bc3 g5 36. f3 h5 37. Bb2 exf3+ 38. gxf3 Ke6 39. Kd3 Kf5 40. Bc3
g4 41. hxg4+ hxg4 42. fxg4+ Kxg4 43. Bxe5 f3 0-1

[Event "Schachfestival 2020-Open"]
[Site "Bad Woerishofen"]
[Date "2020.03.07"]
[Round "2.18"]
[White "Weichelt, Jens"]
[Black "Felgendreher, Heiko"]
[Result "0-1"]
[WhiteElo "2018"]
[BlackElo "2186"]
[Annotator "chessorg"]
[PlyCount "64"]
[EventDate "2020.??.??"]
[WhiteTeam "SK Rochade Augsburg"]
[BlackTeam "Freibauer Moerlenbach"]

1. d4 Nf6 2. Nf3 g6 3. c4 Bg7 4. Nc3 d5 5. cxd5 Nxd5 6. e3 O-O 7. Bc4 Nxc3 8.
bxc3 c5 9. O-O Qc7 10. Qe2 b6 11. Bb2 Bb7 12. d5 b5 13. Bxb5 Bxd5 14. Rfd1 Qb7
15. Rd2 a6 16. Bc4 Bc6 17. Rad1 e6 18. Bb3 Nd7 19. Ne1 a5 20. Rb1 Ra6 21. c4
Nf6 22. Ba3 Ne4 23. Bc2 Nc3 24. Rxb7 Nxe2+ 25. Rxe2 Bxb7 26. Bxc5 Rc8 27. Bd4
Rxc4 28. Nf3 Rac6 29. Bd1 Rc1 30. Rd2 R6c2 31. Rxc2 Rxd1+ 32. Ne1 Rxe1# 0-1

[Event "Schachfestival 2020-Open"]
[Site "Bad Woerishofen"]
[Date "2020.03.07"]
[Round "2.31"]
[White "Hund, Sarah"]
[Black "Boldt, Heinrich"]
[Result "1-0"]
[WhiteElo "2032"]
[BlackElo "1835"]
[Annotator "chessorg"]
[PlyCount "43"]
[EventDate "2020.??.??"]
[WhiteTeam "SK Freiburg-Zaehringen 1887 e.V."]
[BlackTeam "TSV Kareth-Lappersdorf"]

1. e4 d6 2. d4 Nf6 3. Bd3 e5 4. c3 Be7 5. Nf3 Nbd7 6. O-O O-O 7. Nbd2 c6 8. a4
a5 9. Re1 Re8 10. Nf1 Qc7 11. Ng3 Nf8 12. Nh4 Ng6 13. Nhf5 Bf8 14. Bg5 Be7 15.
Nxe7+ Qxe7 16. Nh5 Kh8 17. Qf3 Nf4 18. Nxf4 exf4 19. Qxf4 Nh5 20. Qh4 f6 21.
Qxh5 fxg5 22. e5 1-0

[Event "Schachfestival 2020-Open"]
[Site "Bad Woerishofen"]
[Date "2020.03.07"]
[Round "2.43"]
[White "Oparaugo, Thomas"]
[Black "Hoeller, Armin"]
[Result "0-1"]
[WhiteElo "2039"]
[BlackElo "1979"]
[Annotator "chessorg"]
[PlyCount "42"]
[EventDate "2020.??.??"]
[WhiteTeam "SV Oberursel"]
[BlackTeam "SK Weilheim e.V."]

1. e4 e5 2. Nf3 Nc6 3. c3 Nf6 4. d4 Nxe4 5. d5 Ne7 6. Nxe5 Ng6 7. Bd3 Nxe5 8.
Bxe4 Bc5 9. O-O d6 10. Qh5 Bg4 11. Qg5 Qd7 12. h3 f5 13. Bc2 h6 14. Qh4 Bf3 15.
Re1 Bxd5 16. Bf4 g5 17. Bxg5 Qg7 18. Qh5+ Kf8 19. Bxf5 hxg5 20. Qe2 Qf6 21. Qc2
Rh4 0-1

[Site "Bad Woerishofen"]
[Date "2020.03.07"]
[Round "3.1"]
[White "Eckardt, Joshua"]
[Black "Vorobiov, Evgeny"]
[Result "0-1"]
[WhiteElo "2270"]
[BlackElo "2534"]
[Annotator "chessorg"]
[PlyCount "58"]
[EventDate "2020.??.??"]
[WhiteTeam "SK Koenigsspringer Iserlohn 1934"]

1. d4 Nf6 2. c4 e6 3. g3 Bb4+ 4. Bd2 c5 5. Bxb4 cxb4 6. Bg2 O-O 7. e4 d6 8. Ne2
a5 9. O-O e5 10. a3 Na6 11. axb4 axb4 12. Nd2 Bd7 13. h3 Re8 14. Kh2 Rc8 15.
Re1 exd4 16. Nxd4 Qb6 17. N4b3 Nc5 18. Nxc5 Qxc5 19. f4 Qd4 20. Nb3 Qxd1 21.
Rexd1 Nxe4 22. Rd4 Bc6 23. Bxe4 Rxe4 24. Rxe4 Bxe4 25. Ra4 Bd3 26. Rxb4 Rxc4
27. Rxb7 h5 28. Kg1 h4 29. Kf2 Rc2+ 0-1

[Event "Schachfestival 2020-Open"]
[Site "Bad Woerishofen"]
[Date "2020.03.07"]
[Round "3.2"]
[White "Burmakin, Vladimir"]
[Black "Parligras, Cosmin"]
[Result "1/2-1/2"]
[WhiteElo "2514"]
[BlackElo "2252"]
[Annotator "chessorg"]
[PlyCount "98"]
[EventDate "2020.??.??"]
[BlackTeam "Victoria Techirghiol"]

1. d4 d5 2. Nf3 c5 3. e3 cxd4 4. exd4 e6 5. c3 Nc6 6. Bd3 Bd6 7. O-O Nge7 8.
Re1 Qc7 9. Nbd2 Bd7 10. Nf1 O-O-O 11. b3 e5 12. dxe5 Nxe5 13. Nxe5 Bxe5 14. Be3
Kb8 15. Bd4 Bxd4 16. cxd4 Nc6 17. Bb5 Nb4 18. Rc1 Qf4 19. g3 Qf6 20. a4 a6 21.
Qd2 Qd6 22. Bxd7 Rxd7 23. Rc5 b6 24. Rc3 Rc8 25. Rxc8+ Kxc8 26. Ne3 a5 27. Nc2
Kb7 28. Re8 Nc6 29. Qg5 Qg6 30. Qxg6 hxg6 31. Rg8 f6 32. h4 Nd8 33. Kf1 Ne6 34.
Ke2 Rd8 35. Rxd8 Nxd8 36. Ne1 Kc6 37. Nd3 Ne6 38. Ke3 Kd6 39. Nf4 g5 40. Ng6
Kd7 41. f4 gxf4+ 42. Nxf4 Nxf4 43. Kxf4 g6 44. Kf3 Ke7 45. Ke3 Ke6 46. Kf3 Ke7
47. Kf4 Kf7 48. Kf3 Ke7 49. g4 g5 1/2-1/2

[Event "Schachfestival 2020-Open"]
[Site "Bad Woerishofen"]
[Date "2020.03.20"]
[Round "3.3"]
[White "Dorst, Johannes"]
[Black "Karpatchev, Alexandr"]
[Result "1/2-1/2"]
[WhiteElo "2253"]
[BlackElo "2412"]
[Annotator "chessorg"]
[PlyCount "107"]
[EventDate "2020.??.??"]
[WhiteTeam "SK Marburg 1931/72"]
[BlackTeam "SF Bad Mergentheim"]

1. c4 e5 2. g3 c6 3. Nf3 e4 4. Nd4 d5 5. d3 Bc5 6. Nb3 e3 7. fxe3 Bb4+ 8. Bd2
Bxd2+ 9. Qxd2 dxc4 10. dxc4 Qe7 11. Nc3 Nf6 12. Bg2 O-O 13. e4 Nbd7 14. O-O-O
a5 15. Qd6 Qxd6 16. Rxd6 a4 17. Nd2 Ne5 18. b3 axb3 19. axb3 Be6 20. Nf3 Neg4
21. Ng5 Bc8 22. Bf3 Ne5 23. Bg2 h6 24. Nf3 Neg4 25. Nd2 Be6 26. Bf3 Ne5 27.
Ndb1 b5 28. cxb5 cxb5 29. Nd5 Nxd5 30. exd5 Bf5 31. Kb2 Rfc8 32. Rc6 Nxc6 33.
dxc6 b4 34. Rc1 Rc7 35. Rc5 g6 36. g4 Bxb1 37. Kxb1 Rb8 38. Kc2 Kf8 39. Kd3 Ke7
40. Kc4 Kd6 41. Rb5 Rxb5 42. Kxb5 Re7 43. Kxb4 Re5 44. Kc4 f5 45. h3 fxg4 46.
hxg4 h5 47. gxh5 gxh5 48. Kd3 h4 49. Kd2 Rb5 50. Ke1 Rxb3 51. Kf2 Ke5 52. Kg2
Kf4 53. Kh3 Rc3 54. Kxh4 1/2-1/2

[Event "Schachfestival 2020-Open"]
[Site "Bad Woerishofen"]
[Date "2020.03.07"]
[Round "3.4"]
[White "Pap, Misa"]
[Black "Winkel, Peter"]
[Result "1-0"]
[WhiteElo "2437"]
[BlackElo "2175"]
[Annotator "chessorg"]
[PlyCount "47"]
[EventDate "2020.??.??"]
[WhiteTeam "SC Hansa Dortmund e.V."]
[BlackTeam "Turm Krefeld"]

1. e4 c6 2. d4 d5 3. f3 e6 4. Nc3 Bb4 5. g3 Nd7 6. a3 Ba5 7. Nge2 Ne7 8. e5 c5
9. dxc5 Nxe5 10. f4 d4 11. fxe5 Qd5 12. b4 Qxh1 13. Nb5 Bd8 14. Nd6+ Kf8 15.
Qxd4 Nc6 16. Qf4 f5 17. exf6 Bxf6 18. Bb2 e5 19. Qc4 Nd8 20. Nxc8 Rxc8 21.
O-O-O Qxh2 22. Qg4 Rb8 23. Nc3 h5 24. Qd7 1-0

[Event "Schachfestival 2020-Open"]
[Site "Bad Woerishofen"]
[Date "2020.03.07"]
[Round "3.5"]
[White "Felgendreher, Heiko"]
[Black "Gutman, Lev"]
[Result "1-0"]
[WhiteElo "2186"]
[BlackElo "2406"]
[Annotator "chessorg"]
[PlyCount "75"]
[EventDate "2020.??.??"]
[WhiteTeam "Freibauer Moerlenbach"]
[BlackTeam "SV Lingen"]

1. e4 c5 2. Nf3 d6 3. d4 cxd4 4. Nxd4 Nf6 5. Nc3 Nc6 6. Bg5 e6 7. Qd2 Qb6 8.
Nb3 a6 9. O-O-O Bd7 10. Kb1 Qc7 11. f4 Be7 12. Bxf6 gxf6 13. f5 Ne5 14. Nd4 b5
15. fxe6 fxe6 16. Be2 O-O 17. Rde1 Kh8 18. Bh5 Qc5 19. Nce2 Rg8 20. Nf4 Nc4 21.
Qd3 e5 22. Nb3 Qc8 23. Nd5 Qf8 24. g3 Bd8 25. Nd2 Nb6 26. Nf1 Na4 27. Qd2 f5
28. h4 Nc5 29. exf5 Qxf5 30. g4 Qe6 31. Nfe3 Bc6 32. Ref1 Ne4 33. Qd3 Nf6 34.
Rd1 Nxh5 35. gxh5 Rf8 36. Rhf1 Rxf1 37. Rxf1 Bxh4 38. Nc7 1-0

[Event "Schachfestival 2020-Open"]
[Site "Bad Woerishofen"]
[Date "2020.03.20"]
[Round "3.6"]
[White "Fischer, Julie"]
[Black "Arnold, Max"]
[Result "0-1"]
[WhiteElo "2059"]
[BlackElo "2283"]
[Annotator "chessorg"]
[PlyCount "37"]
[EventDate "2020.??.??"]
[WhiteTeam "Bischwiller"]
[BlackTeam "SK 1926 Ettlingen"]

1. e4 e5 2. Nf3 Nc6 3. d4 exd4 4. Bc4 Bc5 5. Ng5 Nh6 6. Nxf7 Nxf7 7. Bxf7+ Kxf7
8. Qh5+ g6 9. Qxc5 d5 10. O-O dxe4 11. Bf4 Re8 12. c3 Bf5 13. Rd1 d3 14. Na3 a6
15. b4 Qe7 16. Qc4+ Kg7 17. b5 Ne5 18. Qd4 a5 (18... Rad8 19. Qa4 a5 20. Nc4
Nxc4 21. Qxc4 Rd7 22. Rd2 Qf7 23. Qa4 b6 24. Re1 h6 25. Be3 Kh7 26. Bd4 Bg4 27.
Re3 Be2 28. Rh3 Rd5 29. Be3 h5 30. Qc4 Rf5 31. Qc6 Re6 32. Qc4 Ree5 33. Qxf7+
Rxf7 34. a4 Re6 35. Rh4 g5 36. Bxg5 e3 37. Bxe3 Rxe3 38. g4 Re5 39. Kg2 Kg6 40.
h3 Rg5) 19. Nc4 0-1

[Event "Schachfestival 2020-Open"]
[Site "Bad Woerishofen"]
[Date "2020.03.07"]
[Round "3.7"]
[White "Wacker, Peter"]
[Black "Gutierrez Carmona, Juan Alejandro"]
[Result "1/2-1/2"]
[WhiteElo "2274"]
[BlackElo "2183"]
[Annotator "chessorg"]
[PlyCount "65"]
[EventDate "2020.??.??"]
[WhiteTeam "Klub Koelner SF e.V. 1967"]

1. d4 d5 2. Nf3 Nf6 3. g3 c6 4. Bg2 Bg4 5. Ne5 Bh5 6. c4 e6 7. O-O Nbd7 8. Nxd7
Qxd7 9. Qc2 Be7 10. b3 O-O 11. Bb2 Bg6 12. Qc1 Rac8 13. Rd1 Ne4 14. Bxe4 dxe4
15. Ba3 Bh5 16. Bxe7 Qxe7 17. Nc3 f5 18. Qf4 b5 19. Qe5 bxc4 20. bxc4 Qb4 21.
Nxe4 Qxc4 22. Nd6 Qxe2 23. Nxc8 Qxe5 24. dxe5 Bxd1 25. Ne7+ Kf7 26. Nxc6 Ba4
27. Na5 Rc8 28. Rb1 Rc5 29. Rb7+ Kg6 30. Rxa7 Rxe5 31. f4 Re2 32. Nc4 Rxa2 33.
Nb6 1/2-1/2